[Event "DVM U16 2018"]
[Site "Aurich GER"]
[Date "2018.12.29"]
[Round "6"]
[White "Kolzenburg, Jan Niklas"]
[Black "Naumenko, Valerija"]
[Result "1/2-1/2"]
[Termination "normal"]
[Board "6.4"]
[WhiteElo "1379"]
[BlackElo "1619"]
[WhiteTeam "SF Neuberg"]
[BlackTeam "SV Hemer"]
[PlyCount "89"]
[WhiteFideId "16274830"]
[BlackFideId "16222890"]
[EventCountry "GER"]
[EventRounds "7"]
[EventType "team-swiss"]
[EventDate "2018.12.26"]

1. e4 e5 2. Nf3 Nc6 3. d4 exd4 4. Nxd4 Nf6 5. Nxc6 bxc6 6. e5 Qe7 7. Qe2 Nd5 8.
c4 Ba6 9. b3 g6 10. g3 Bg7 11. Bb2 O-O 12. Nd2 Rfe8 13. f4 Nb6 14. Bg2 Bb7 15.
O-O Rab8 16. Rfe1 d6 17. Qf2 Qd7 18. Nf3 c5 19. Rad1 a5 20. Kf1 a4 21. Rd2 Rbd8
22. Red1 Qc8 23. Kg1 Qa8 24. exd6 Bxb2 25. Rxb2 cxd6 26. Rbd2 Qb8 27. Rd3 Qc7
28. Ne1 Bxg2 29. Qxg2 Re7 30. Nc2 Red7 31. Ne3 Qa7 32. Nd5 Nxd5 33. Rxd5 axb3
34. axb3 Qa3 35. R1d3 Rb8 36. Qf3 Rdb7 37. Rxd6 Rxb3 38. Kg2 Rb2 39. Rd2 Rxd2
40. Rxd2 Qc1 41. Qd5 Rb1 42. Kh3 Qf1 43. Kh4 Rc1 44. Qe5 Rd1 45. Qe8 1/2-1/2

[Event "DVM U16 2018"]
[Site "Aurich GER"]
[Date "2018.12.29"]
[Round "6"]
[White "Kuznecovs, Nikita"]
[Black "Schneider, Jana"]
[Result "1/2-1/2"]
[Termination "normal"]
[Board "7.1"]
[BlackTitle "FM"]
[WhiteElo "2256"]
[BlackElo "2213"]
[WhiteTeam "SG Blau-Weiß Stadtilm"]
[BlackTeam "Spvgg 1946 Stetten"]
[PlyCount "75"]
[WhiteFideId "11604557"]
[BlackFideId "12924997"]
[EventCountry "GER"]
[EventRounds "7"]
[EventType "team-swiss"]
[EventDate "2018.12.26"]

1. Nf3 d5 2. d3 Nf6 3. Nbd2 e6 4. g3 Bd6 5. c4 O-O 6. Bg2 Nbd7 7. O-O Re8 8. b3
b6 9. Bb2 Bb7 10. Rc1 c5 11. cxd5 exd5 12. d4 Rc8 13. Re1 Nf8 14. Rc2 Ne6 15.
Qa1 Ne4 16. Nf1 N4g5 17. dxc5 Bxc5 18. e3 Nxf3 19. Bxf3 Ng5 20. Bg2 Qd7 21. h4
Ne6 22. Rd1 Red8 23. Nh2 a5 24. Nf3 a4 25. Qb1 axb3 26. axb3 Qb5 27. Nd4 Bxd4
28. Bxd4 Rxc2 29. Qxc2 Rc8 30. Qb2 Qb4 31. Bh3 Nxd4 32. Bxc8 Nf3 33. Kg2 Bxc8
34. Rxd5 Nxh4 35. Kh2 Qe7 36. gxh4 Qxh4 37. Kg1 Qg4 38. Kh2 1/2-1/2

[Event "DVM U16 2018"]
[Site "Aurich GER"]
[Date "2018.12.29"]
[Round "6"]
[White "Roth, Jakob"]
[Black "Wolf, Philipp"]
[Result "1/2-1/2"]
[Termination "normal"]
[Board "7.2"]
[WhiteElo "1883"]
[BlackElo "1913"]
[WhiteTeam "Spvgg 1946 Stetten"]
[BlackTeam "SG Blau-Weiß Stadtilm"]
[PlyCount "100"]
[WhiteFideId "12952605"]
[BlackFideId "12958948"]
[EventCountry "GER"]
[EventRounds "7"]
[EventType "team-swiss"]
[EventDate "2018.12.26"]

1. d4 Nf6 2. c4 e6 3. Nc3 Bb4 4. e3 O-O 5. Bd3 d5 6. Nf3 c5 7. O-O cxd4 8. exd4
dxc4 9. Bxc4 b6 10. Qe2 Bb7 11. Rd1 Bxc3 12. bxc3 Qc7 13. Ne5 Bd5 14. Bb2 Bxc4
15. Qxc4 Qxc4 16. Nxc4 Rd8 17. Ne3 Na6 18. c4 Rd7 19. Kf1 Rad8 20. f3 Nb4 21.
Ke2 Nc6 22. Nc2 Na5 23. Na3 Rc7 24. Rac1 Rdc8 25. Kd3 Ne8 26. Rc2 Nd6 27. Rdc1
Nc6 28. Bc3 Nf5 29. Rd2 Rd7 30. Ke4 Nd6 31. Kf4 Nf5 32. d5 Nce7 33. dxe6 Rxd2
34. exf7 Kxf7 35. Bxd2 Rd8 36. Bc3 Rd3 37. Nb5 a6 38. Nc7 h6 39. Nxa6 g5 40.
Kg4 Kg6 41. g3 Ne3 42. Kh3 h5 43. g4 hxg4 44. Kg3 N7f5 45. Kf2 Rxc3 46. Rxc3
Nd1 47. Ke1 Nxc3 48. fxg4 Nd6 49. c5 bxc5 50. Nxc5 Kf7 1/2-1/2

[Event "DVM U16 2018"]
[Site "Aurich GER"]
[Date "2018.12.29"]
[Round "6"]
[White "Steiner, Luca"]
[Black "Rapp, Lukas"]
[Result "0-1"]
[Termination "normal"]
[Board "7.4"]
[WhiteElo "1365"]
[BlackElo "1719"]
[WhiteTeam "Spvgg 1946 Stetten"]
[BlackTeam "SG Blau-Weiß Stadtilm"]
[PlyCount "98"]
[WhiteFideId "16205316"]
[BlackFideId "12989320"]
[EventCountry "GER"]
[EventRounds "7"]
[EventType "team-swiss"]
[EventDate "2018.12.26"]

1. e4 c5 2. Nf3 d6 3. d4 cxd4 4. Nxd4 Nf6 5. Nc3 a6 6. Be3 e6 7. Be2 Be7 8. O-O
b5 9. a3 Bb7 10. f3 Qc7 11. Qd2 Nbd7 12. Rac1 O-O 13. Nd1 Nb6 14. Nf2 Nc4 15.
Bxc4 bxc4 16. b4 Rfd8 17. Rfd1 d5 18. exd5 Nxd5 19. Ne4 Nf6 20. Nxf6+ Bxf6 21.
c3 e5 22. Qf2 exd4 23. Bxd4 Bxd4 24. Rxd4 Rxd4 25. Qxd4 Rd8 26. Qe3 h6 27. Re1
Bc6 28. Qc5 Qd6 29. Qxc4 Bb5 30. Qe4 Qd3 31. Qxd3 Rxd3 32. Rc1 Bc4 33. a4 Kf8
34. Kf2 Ke7 35. Ke1 Kd6 36. Rd1 Rxd1+ 37. Kxd1 Bb3+ 38. Kd2 Bxa4 39. Kd3 Kd5
40. c4+ Ke5 41. g3 g5 42. Ke3 Bc6 43. c5 Kd5 44. Kd3 Bb5+ 45. Kc3 Be2 46. f4 g4
47. Kb3 Bb5 48. Kc3 Ke4 49. Kd2 Kd4 0-1

[Event "DVM U16 2018"]
[Site "Aurich GER"]
[Date "2018.12.29"]
[Round "6"]
[White "Jakob, Georg"]
[Black "Zyla, Lennert"]
[Result "1-0"]
[Termination "normal"]
[Board "8.1"]
[WhiteElo "2015"]
[BlackElo "1829"]
[WhiteTeam "SG Königskinder Hohentübingen"]
[BlackTeam "SG Porz"]
[PlyCount "53"]
[WhiteFideId "16224221"]
[BlackFideId "12981567"]
[EventCountry "GER"]
[EventRounds "7"]
[EventType "team-swiss"]
[EventDate "2018.12.26"]

1. e4 c5 2. Nf3 e6 3. d4 cxd4 4. Nxd4 Nc6 5. Nc3 Qc7 6. Be2 a6 7. Be3 Nf6 8. a3
b5 9. f4 d6 10. g4 Bb7 11. g5 Nd7 12. Nxc6 Bxc6 13. Qd4 Rc8 14. h4 Nc5 15. Bf3
e5 16. Qd2 Be7 17. f5 Na4 18. Nxa4 bxa4 19. O-O-O Qb7 20. f6 gxf6 21. gxf6 Bf8
22. Qb4 Qa8 23. Rxd6 Bxd6 24. Qxd6 Qb7 25. Qxe5 Kd8 26. Rhd1 Bd7 27. Qe7 1-0

[Event "DVM U16 2018"]
[Site "Aurich GER"]
[Date "2018.12.29"]
[Round "6"]
[White "Gallasch, Robin"]
[Black "Hurm, Moritz"]
[Result "0-1"]
[Termination "normal"]
[Board "8.2"]
[WhiteElo "1902"]
[BlackElo "1789"]
[WhiteTeam "SG Porz"]
[BlackTeam "SG Königskinder Hohentübingen"]
[PlyCount "74"]
[WhiteFideId "16222423"]
[BlackFideId "16235150"]
[EventCountry "GER"]
[EventRounds "7"]
[EventType "team-swiss"]
[EventDate "2018.12.26"]

1. d4 Nf6 2. c4 e6 3. Nf3 Bb4 4. Bd2 c5 5. Bxb4 cxb4 6. g3 d6 7. Bg2 O-O 8. O-O
Nc6 9. a3 bxa3 10. Nxa3 e5 11. Nb5 a6 12. d5 Ne7 13. Nc3 Qc7 14. Qd3 Bf5 15. e4
Bg6 16. Nd2 Nd7 17. b4 b6 18. g4 h5 19. h3 hxg4 20. hxg4 Bh7 21. Qh3 Ng6 22.
Ne2 Qd8 23. Nf3 Qe7 24. Kh2 Rfc8 25. Rh1 Rxc4 26. Kg1 Ngf8 27. Ng3 g6 28. Nh4
Qg5 29. Nhf5 gxf5 30. Nxf5 Nf6 31. Nh6 Kg7 32. Qf3 Bxe4 33. Qh3 Ng6 34. Bxe4
Rxe4 35. Nf5 Kf8 36. f3 Rf4 37. Rf1 Rxf5 0-1

[Event "DVM U16 2018"]
[Site "Aurich GER"]
[Date "2018.12.29"]
[Round "6"]
[White "Hofele, Mathis"]
[Black "Sewald, Richard"]
[Result "1/2-1/2"]
[Termination "normal"]
[Board "8.3"]
[WhiteElo "1679"]
[BlackElo "1687"]
[WhiteTeam "SG Königskinder Hohentübingen"]
[BlackTeam "SG Porz"]
[PlyCount "91"]
[WhiteFideId "12963844"]
[BlackFideId "12983586"]
[EventCountry "GER"]
[EventRounds "7"]
[EventType "team-swiss"]
[EventDate "2018.12.26"]

1. e4 c5 2. Nf3 a6 3. Nc3 Nc6 4. d4 cxd4 5. Nxd4 d6 6. Be3 Nf6 7. f3 g6 8. Be2
Bg7 9. Qd2 Bd7 10. Nxc6 bxc6 11. Bh6 O-O 12. Bxg7 Kxg7 13. Qd4 Qa5 14. O-O Qe5
15. Qxe5 dxe5 16. Bc4 Rfd8 17. Rfd1 Ne8 18. Na4 Nd6 19. Bb3 Ra7 20. Nc5 Bc8 21.
Rd2 f5 22. Rad1 Kf6 23. h3 f4 24. Na4 Rh8 25. c3 g5 26. Nb6 Be6 27. Bxe6 Kxe6
28. Na4 Rb8 29. b3 h5 30. Kh2 g4 31. Nc5+ Kf6 32. c4 g3+ 33. Kg1 h4 34. Kf1 a5
35. Ke2 a4 36. Nxa4 Nxc4 37. bxc4 Rxa4 38. Rc2 Rba8 39. Rdd2 $11 Ra3 40. Kd1
Re3 41. Re2 Rd3+ 42. Red2 Rd4 43. Kc1 Ra4 44. c5 Ke6 45. Kb2 Rdb4+ 46. Kc1
1/2-1/2

[Event "DVM U16 2018"]
[Site "Aurich GER"]
[Date "2018.12.29"]
[Round "6"]
[White "Sporer, Benedikt"]
[Black "Hurm, Yannik"]
[Result "0-1"]
[Termination "normal"]
[Board "8.4"]
[WhiteElo "1306"]
[BlackElo "1704"]
[WhiteTeam "SG Porz"]
[BlackTeam "SG Königskinder Hohentübingen"]
[PlyCount "92"]
[WhiteFideId "16274849"]
[BlackFideId "16235169"]
[EventCountry "GER"]
[EventRounds "7"]
[EventType "team-swiss"]
[EventDate "2018.12.26"]

1. e4 c5 2. Nf3 a6 3. c3 e6 4. d4 d5 5. exd5 exd5 6. Bd3 Nf6 7. Bf4 Nc6 8. Nbd2
c4 9. Bc2 Bd6 10. Bg3 b5 11. b4 a5 12. a3 O-O 13. Bxd6 Qxd6 14. O-O Bg4 15. Qb1
h6 16. Re1 axb4 17. axb4 Qc7 18. Ne5 Nxe5 19. Rxe5 Be6 20. h3 Ra7 21. Rxa7 Qxa7
22. Nf3 Rb8 23. Qb2 Rb6 24. Re1 Ra6 25. Bb1 Ra3 26. Re3 Kf8 27. Ne5 Rb3 28. Qa2
Qxa2 29. Bxa2 Rb2 30. Bxc4 dxc4 31. Nc6 Nd5 32. Rf3 Rc2 33. Nd8 Ke8 34. Nb7 Ke7
35. Na5 Kd7 36. Nb7 Rxc3 37. Nc5+ Kc6 38. Nxe6 Rxf3 39. Nd8+ Kd7 40. gxf3 Kxd8
41. Kf1 Nxb4 42. Ke2 Nd5 43. Kd2 b4 44. Kc2 Nf4 45. Kd2 Nxh3 46. Ke2 b3 0-1

[Event "DVM U16 2018"]
[Site "Aurich GER"]
[Date "2018.12.29"]
[Round "6"]
[White "Kittelberger, Mattis"]
[Black "Waffenschmidt, Lars"]
[Result "0-1"]
[Termination "normal"]
[Board "9.1"]
[WhiteElo "1790"]
[BlackElo "1903"]
[WhiteTeam "SC Aurich"]
[BlackTeam "SK Bebenhausen"]
[PlyCount "70"]
[WhiteFideId "12965103"]
[BlackFideId "16244656"]
[EventCountry "GER"]
[EventRounds "7"]
[EventType "team-swiss"]
[EventDate "2018.12.26"]

1. e4 e5 2. Nf3 Nc6 3. Bb5 a6 4. Ba4 Nf6 5. O-O Be7 6. Re1 b5 7. Bb3 O-O 8. h3
d6 9. c3 Na5 10. Bc2 c5 11. d4 Qc7 12. Nbd2 cxd4 13. cxd4 Nh5 14. Nf1 Nf4 15.
Bxf4 exf4 16. Rc1 g6 17. Qd2 Nc4 18. Qxf4 Nxb2 19. Ne3 Be6 20. d5 Bd7 21. e5
dxe5 22. Nxe5 Qd6 23. Qe4 Bf6 24. f4 Rfe8 25. N3g4 Bxg4 26. hxg4 Nc4 27. Bb3
Nxe5 28. fxe5 Rxe5 29. Qf3 Bg5 30. Rxe5 Bxc1 31. Re1 Bb2 32. Qe2 Bd4 33. Kh1
Qg3 34. Qf3 Qxe1 35. Kh2 Qh4 0-1

[Event "DVM U16 2018"]
[Site "Aurich GER"]
[Date "2018.12.29"]
[Round "6"]
[White "Freiherr von Hauff, Christopher"]
[Black "Dirks, Simon"]
[Result "0-1"]
[Termination "normal"]
[Board "9.2"]
[WhiteElo "1802"]
[BlackElo "1617"]
[WhiteTeam "SK Bebenhausen"]
[BlackTeam "SC Aurich"]
[PlyCount "66"]
[WhiteFideId "16200691"]
[BlackFideId "16255666"]
[EventCountry "GER"]
[EventRounds "7"]
[EventType "team-swiss"]
[EventDate "2018.12.26"]

1. e4 c5 2. Nf3 d6 3. d4 cxd4 4. Nxd4 Nf6 5. Nc3 a6 6. h3 e6 7. g4 b5 8. Bg2
Bb7 9. a3 Be7 10. O-O Qc7 11. Be3 h6 12. Qe2 Nbd7 13. Nb3 Nc5 14. Nd2 Rd8 15.
Rfe1 O-O 16. Rad1 d5 17. exd5 Nxd5 18. Nxd5 Bxd5 19. Nf3 Bc4 20. Rd3 Nxd3 21.
cxd3 Rxd3 22. Rc1 Qd6 23. Nd2 Rxe3 24. Qxe3 Bg5 25. Nxc4 bxc4 26. Qc3 Bxc1 27.
Qxc1 Qd4 28. Bb7 Rb8 29. Bxa6 Rxb2 30. Qe1 c3 31. Kg2 Qxf2 32. Qxf2 Rxf2 33.
Kxf2 c2 0-1

[Event "DVM U16 2018"]
[Site "Aurich GER"]
[Date "2018.12.29"]
[Round "6"]
[White "Rajendram, Reanosh"]
[Black "Ortner, Jonas Ruben"]
[Result "0-1"]
[Termination "normal"]
[Board "9.3"]
[WhiteElo "1579"]
[BlackElo "1710"]
[WhiteTeam "SC Aurich"]
[BlackTeam "SK Bebenhausen"]
[PlyCount "92"]
[WhiteFideId "12965162"]
[BlackFideId "16235118"]
[EventCountry "GER"]
[EventRounds "7"]
[EventType "team-swiss"]
[EventDate "2018.12.26"]

1. e4 c5 2. Nf3 Nc6 3. d4 cxd4 4. Nxd4 g6 5. Be3 Nf6 6. Nc3 Bg7 7. Bc4 O-O 8.
Bb3 d6 9. f3 Bd7 10. Qd2 Nxd4 11. Bxd4 b5 12. g4 a5 13. a4 b4 14. Nd5 Nxd5 15.
Bxg7 Kxg7 16. Bxd5 Rc8 17. h4 h6 18. Bb3 Qc7 19. g5 h5 20. O-O-O Be6 21. Qd3
Rfd8 22. Rd2 d5 23. Qd4 Kh7 24. e5 Bd7 25. Re1 e6 26. Kd1 Bc6 27. Ke2 Bb7 28.
Red1 Ba6 29. Kf2 Bc4 30. Bxc4 Qxc4 31. Qxc4 Rxc4 32. Kg3 Rdc8 33. Rc1 b3 34. c3
Rxa4 35. R2d1 R8c4 36. Rh1 Kg7 37. Ra1 Kf8 38. Rac1 Ke7 39. Ra1 Kd7 40. Rad1
Kc6 41. Rd2 Ra2 42. R1h2 Kc5 43. f4 a4 44. Rhe2 a3 45. bxa3 Rxd2 46. Rxd2 Rxc3
0-1

[Event "DVM U16 2018"]
[Site "Aurich GER"]
[Date "2018.12.29"]
[Round "6"]
[White "Giannakoglou, Alexandros"]
[Black "Goldbeck, Kilian"]
[Result "0-1"]
[Termination "normal"]
[Board "9.4"]
[WhiteElo "1376"]
[BlackElo "1523"]
[WhiteTeam "SK Bebenhausen"]
[BlackTeam "SC Aurich"]
[PlyCount "82"]
[WhiteFideId "4288580"]
[BlackFideId "16255674"]
[EventCountry "GER"]
[EventRounds "7"]
[EventType "team-swiss"]
[EventDate "2018.12.26"]

1. c4 Nf6 2. Nc3 e6 3. Nf3 c6 4. d4 d5 5. cxd5 cxd5 6. g3 Nc6 7. Bg2 Bb4 8. Bd2
Bd7 9. O-O O-O 10. Re1 a6 11. e3 Rc8 12. a3 Bd6 13. e4 Nxe4 14. Nxe4 dxe4 15.
Rxe4 Ne7 16. Re1 Bc6 17. Bc3 Nd5 18. Rc1 Nxc3 19. Rxc3 Qb6 20. Qd2 Rfd8 21. Rd3
Be7 22. Rc1 Rd6 23. Ne5 Rcd8 24. Nxc6 bxc6 25. Qc2 Bf6 26. Bxc6 Bxd4 27. Kf1
Rc8 28. Rb3 Qd8 29. Qe4 Bf6 30. Rb7 g6 31. Qf3 31. Kg7 h4 32. Rd2 Rb1 33. Rxc6
Qxc6 34. Qd3 Kg2 Qxb1 36. Qc7 Qe4 37. Kh3 Qf5 38. g4 Qf3 39. Qg3 Qh1 40. Qh2
Rd3 41. f3 Rxf3 0-1

[Event "DVM U16 2018"]
[Site "Aurich GER"]
[Date "2018.12.29"]
[Round "6"]
[White "Meier, Marlon"]
[Black "Lieberwirth, Kasimir"]
[Result "0-1"]
[Termination "normal"]
[Board "10.1"]
[WhiteElo "1935"]
[BlackElo "2104"]
[WhiteTeam "SK Gernsbach"]
[BlackTeam "SG Turm Leipzig"]
[PlyCount "68"]
[WhiteFideId "16238788"]
[BlackFideId "12988146"]
[EventCountry "GER"]
[EventRounds "7"]
[EventType "team-swiss"]
[EventDate "2018.12.26"]

1. e4 c5 2. c3 d6 3. d4 Nf6 4. Bd3 g6 5. Nf3 Bg7 6. O-O O-O 7. h3 d5 8. e5 Ne4
9. Re1 Nc6 10. Bxe4 dxe4 11. Rxe4 Qd5 12. Re1 Rd8 13. Be3 Nxe5 14. Nxe5 Bxe5
15. Qa4 Bd7 16. Qb3 Qxb3 17. axb3 cxd4 18. Bh6 Bf6 19. cxd4 Be6 20. Nc3 Rxd4
21. Nb5 Rd7 22. Nxa7 Bxb2 23. Ra2 Bd4 24. Rc1 R7d8 25. Be3 Bxe3 26. fxe3 Bxb3
27. Rb2 Rxa7 28. Rxb3 Rd2 29. Rc7 Ra1 30. Kh2 R1a2 31. R3xb7 Rxg2 32. Kh1 Rge2
33. Rb8 Kg7 34. Rxe7 Re1 0-1

[Event "DVM U16 2018"]
[Site "Aurich GER"]
[Date "2018.12.29"]
[Round "6"]
[White "Weimert, Miriam"]
[Black "Brüstle, William"]
[Result "1-0"]
[Termination "normal"]
[Board "10.2"]
[WhiteElo "1792"]
[BlackElo "1416"]
[WhiteTeam "SG Turm Leipzig"]
[BlackTeam "SK Gernsbach"]
[PlyCount "29"]
[WhiteFideId "12966703"]
[BlackFideId "16260236"]
[EventCountry "GER"]
[EventRounds "7"]
[EventType "team-swiss"]
[EventDate "2018.12.26"]

1. e4 e5 2. Nf3 Nc6 3. d4 exd4 4. Bc4 Bc5 5. c3 Nf6 6. O-O d5 7. exd5 Nxd5 8.
cxd4 Bb6 9. Nc3 Nce7 10. Ng5 O-O 11. Nxd5 Nxd5 12. Nxh7 Kxh7 13. Qh5+ Kg8 14.
Bxd5 g6 15. Qxg6+ 1-0

[Event "DVM U16 2018"]
[Site "Aurich GER"]
[Date "2018.12.29"]
[Round "6"]
[White "Ganjali, Aska"]
[Black "Ortlepp, Klaudia"]
[Result "1/2-1/2"]
[Termination "normal"]
[Board "10.3"]
[WhiteElo "1290"]
[BlackElo "1520"]
[WhiteTeam "SK Gernsbach"]
[BlackTeam "SG Turm Leipzig"]
[PlyCount "140"]
[WhiteFideId "16260201"]
[BlackFideId "16206045"]
[EventCountry "GER"]
[EventRounds "7"]
[EventType "team-swiss"]
[EventDate "2018.12.26"]

1. e4 e5 2. Nf3 Nc6 3. d4 exd4 4. Bc4 Nf6 5. e5 d5 6. Bb5 Ne4 7. Nxd4 Bd7 8.
Bxc6 bxc6 9. Be3 c5 10. Nf3 d4 11. Nbd2 Bc6 12. Nxe4 Bxe4 13. Bf4 Qd5 14. Qe2
Rb8 15. b3 Be7 16. Rd1 O-O 17. c4 Qc6 18. O-O Rbd8 19. Rfe1 Bf5 20. Bg3 Rfe8
21. Qd2 $11 Bg4 22. Qf4 Qe6 23. Rd2 Qf5 24. Qxf5 Bxf5 25. Bh4 Bg4 26. Bxe7 Rxe7
27. Rd3 Rde8 28. Nxd4 cxd4 29. Rxd4 Bc8 30. f4 Rd7 31. Rxd7 Bxd7 32. Rd1 Bc6
33. b4 a6 34. Kf2 Kf8 35. g3 f6 36. Re1 Bd7 37. Kf3 h5 38. Ke4 fxe5 39. fxe5
Be6 40. Rc1 Rd8 41. Rc2 c6 42. a3 Ke7 43. h4 g6 44. Rc3 Bf5+ 45. Kf4 Rd4+ 46.
Kf3 Ke6 47. c5 Bg4+ 48. Kf2 Kxe5 49. Re3+ Re4 50. Rd3 Rd4 51. Re3+ Kf6 52. Ke1
Bf5 53. Kf2 Rd3 54. Rxd3 Bxd3 55. Ke3 Bb1 56. Kf4 Bf5 57. Ke3 g5 58. Kf3 gxh4
59. gxh4 Ke5 60. Ke3 Bc2 61. Kd2 Kf4 62. Kxc2 Kg4 63. Kd2 Kxh4 64. Ke2 Kg4 65.
Kf2 h4 66. Kg2 h3+ 67. Kh2 Kf4 68. Kxh3 Ke4 69. Kg4 Kd4 70. Kf4 Kd5 1/2-1/2

[Event "DVM U16 2018"]
[Site "Aurich GER"]
[Date "2018.12.29"]
[Round "6"]
[White "Lieberwirth, Nele"]
[Black "Armbruster, Franz"]
[Result "1-0"]
[Termination "normal"]
[Board "10.4"]
[WhiteElo "1328"]
[BlackElo "1131"]
[WhiteTeam "SG Turm Leipzig"]
[BlackTeam "SK Gernsbach"]
[PlyCount "87"]
[WhiteFideId "16259483"]
[BlackFideId "16267354"]
[EventCountry "GER"]
[EventRounds "7"]
[EventType "team-swiss"]
[EventDate "2018.12.26"]

1. d4 d5 2. c4 e6 3. Nc3 Nf6 4. Bg5 Bb4 5. Qa4+ Nc6 6. a3 Be7 7. Nf3 Bd7 8. Qc2
h6 9. Bf4 Bd6 10. Bg3 O-O 11. e3 Re8 12. Bh4 Be7 13. Bd3 Bc8 14. O-O-O Na5 15.
Ne5 Nxc4 16. Nxc4 dxc4 17. Bxc4 c6 18. g4 Nxg4 19. Bxe7 Qxe7 20. Rdg1 Nf6 21.
Rg3 e5 22. Rhg1 g5 23. h4 g4 24. Kb1 h5 25. f3 b5 26. Bd3 b4 27. Ne4 Nd5 28. a4
Nxe3 29. Qxc6 Be6 30. Qc1 exd4 31. fxg4 Bxg4 32. Qc6 Qe6 33. Qc5 Qg6 34. Qxd4
Nf5 35. Nf6+ Kf8 36. Qc5+ Re7 37. Bxf5 Bxf5+ 38. Ka2 Be6+ 39. b3 Bg4 40. Nxg4
hxg4 41. Rxg4 Qh7 42. Rg8+ Qxg8 43. Rxg8+ Kxg8 44. Qxe7 1-0

[Event "DVM U10 2018"]
[Site "Magdeburg GER"]
[Date "2018.12.27"]
[Round "1"]
[White "Akladius, Kyrillus"]
[Black "von Mettenheim, Johannes"]
[Result "0-1"]
[Termination "normal"]
[Board "1.1"]
[WhiteElo "1111"]
[BlackElo "1689"]
[WhiteClock "00:43:24"]
[BlackClock "00:49:29"]
[WhiteTeam "SK König Plauen"]
[BlackTeam "Schachzentrum Bemerode"]
[PlyCount "66"]
[WhiteFideId "16267036"]
[BlackFideId "16244818"]
[EventCountry "GER"]
[EventRounds "7"]
[EventType "team-swiss"]
[EventDate "2018.12.27"]

1. e4 {[%clk 1:00:00]} c6 {[%clk 0:59:43]} 2. d4 {[%clk 0:59:46]} d5 {[%clk
0:59:35]} 3. exd5 {[%clk 0:59:09]} cxd5 {[%clk 0:59:27]} 4. Nf3 {[%clk
0:58:47]} Nc6 {[%clk 0:59:22]} 5. Nc3 {[%clk 0:58:24]} Bg4 {[%clk 0:59:02]} 6.
Be2 {[%clk 0:57:35]} g6 {[%clk 0:58:40]} 7. Bd2 {[%clk 0:56:34]} Bg7 {[%clk
0:57:37]} 8. Be3 {[%clk 0:56:01]} Nh6 {[%clk 0:57:19]} 9. Qd2 {[%clk 0:55:29]}
Nf5 {[%clk 0:57:15]} 10. h3 Bxf3 11. Bxf3 {[%clk 0:53:33]} e5 {[%clk 0:56:49]}
12. dxe5 {[%clk 0:52:18]} d4 {[%clk 0:56:47]} 13. Bxc6+ {[%clk 0:51:50]} bxc6
{[%clk 0:56:42]} 14. Bg5 {[%clk 0:51:16]} dxc3 {[%clk 0:55:48]} 15. Qxd8+ Rxd8
16. Bxd8 {[%clk 0:50:13]} Kxd8 {[%clk 0:55:28]} 17. O-O-O+ Kc7 18. f4 {[%clk
0:49:36]} Bh6 {[%clk 0:54:47]} 19. Kb1 {[%clk 0:49:01]} Bxf4 {[%clk 0:54:14]}
20. g4 {[%clk 0:48:36]} Ne3 {[%clk 0:54:01]} 21. Rde1 {[%clk 0:48:02]} Rb8
{[%clk 0:53:42]} 22. b3 {[%clk 0:47:39]} Nc4 {[%clk 0:53:27]} 23. Rhg1 {[%clk
0:46:57]} Na3+ {[%clk 0:53:15]} 24. Ka1 {[%clk 0:46:32]} Nxc2+ {[%clk 0:53:09]}
25. Kb1 {[%clk 0:46:20]} Nxe1 {[%clk 0:52:12]} 26. Rxe1 {[%clk 0:45:58]} Rb5
{[%clk 0:51:21]} 27. Rf1 {[%clk 0:45:40]} g5 {[%clk 0:51:09]} 28. h4 {[%clk
0:45:24]} Rc5 {[%clk 0:50:34]} 29. hxg5 {[%clk 0:44:54]} c2+ {[%clk 0:50:31]}
30. Kb2 {[%clk 0:44:35]} c1=Q+ 31. Rxc1 Bxc1+ {[%clk 0:49:29]} 32. Kb1 Ba3 33.
b4 {[%clk 0:43:24]} Rc1# 0-1

[Event "DVM U10 2018"]
[Site "Magdeburg GER"]
[Date "2018.12.27"]
[Round "1"]
[White "Sauer, Tim"]
[Black "Hai Dang, Tom"]
[Result "1-0"]
[Termination "normal"]
[Board "1.2"]
[WhiteElo "1427"]
[BlackElo "1132"]
[WhiteClock "00:12:07"]
[BlackClock "00:23:19"]
[WhiteTeam "Schachzentrum Bemerode"]
[BlackTeam "SK König Plauen"]
[PlyCount "67"]
[WhiteFideId "16265726"]
[BlackFideId "16267044"]
[EventCountry "GER"]
[EventRounds "7"]
[EventType "team-swiss"]
[EventDate "2018.12.27"]

1. d4 {[%clk 0:59:57]} f5 2. c4 Nf6 {[%clk 0:59:25]} 3. Nc3 {[%clk 0:59:43]} e6
{[%clk 0:58:56]} 4. Nf3 {[%clk 0:59:28]} d6 {[%clk 0:56:07]} 5. Bf4 {[%clk
0:58:22]} Be7 {[%clk 0:55:37]} 6. h3 {[%clk 0:57:05]} O-O {[%clk 0:54:49]} 7.
e3 {[%clk 0:54:59]} Nc6 {[%clk 0:54:02]} 8. Be2 {[%clk 0:54:14]} Bd7 {[%clk
0:50:12]} 9. O-O {[%clk 0:51:41]} Qe8 {[%clk 0:48:21]} 10. a3 {[%clk 0:48:08]}
Qf7 {[%clk 0:45:34]} 11. d5 {[%clk 0:43:00]} Nd8 {[%clk 0:44:47]} 12. dxe6
{[%clk 0:41:50]} Nxe6 {[%clk 0:44:26]} 13. Ng5 {[%clk 0:41:23]} Nxg5 {[%clk
0:43:32]} 14. Bxg5 {[%clk 0:40:53]} Qg6 {[%clk 0:41:34]} 15. Bf4 {[%clk
0:39:54]} Bc6 {[%clk 0:41:11]} 16. Bf3 {[%clk 0:38:13]} Bxf3 {[%clk 0:40:59]}
17. Qxf3 {[%clk 0:38:08]} Ne4 {[%clk 0:40:22]} 18. Nd5 {[%clk 0:36:53]} Bf6
{[%clk 0:39:21]} 19. Rfd1 {[%clk 0:34:35]} c6 {[%clk 0:38:23]} 20. Nxf6+ {[%clk
0:33:28]} Rxf6 {[%clk 0:37:47]} 21. Rac1 {[%clk 0:30:27]} Rd8 {[%clk 0:34:25]}
22. c5 {[%clk 0:28:55]} b5 {[%clk 0:32:40]} 23. cxd6 {[%clk 0:28:08]} c5 {[%clk
0:31:36]} 24. d7 {[%clk 0:24:04]} Rf7 {[%clk 0:30:48]} 25. Qe2 {[%clk 0:19:58]}
Rfxd7 26. Rxd7 Rxd7 27. Qxb5 Rd2 {[%clk 0:29:13]} 28. Qb3+ {[%clk 0:18:05]} Kf8
{[%clk 0:28:31]} 29. Rf1 {[%clk 0:16:01]} Rd8 {[%clk 0:25:34]} 30. Bc7 {[%clk
0:13:59]} Nd2 {[%clk 0:25:12]} 31. Qb5 {[%clk 0:12:19]} Nxf1 32. Bxd8 Nd2
{[%clk 0:23:44]} 33. Qxc5+ {[%clk 0:12:07]} Ke8 {[%clk 0:23:19]} 34. Qe7# 1-0